Loading...
| History - US | 0 | 5 | 2 | 1 | 40 | 115 | 123.20 | 0 | 0 | 0.00 | 0.00 |
| Fine Arts - Classical Music and Opera | 0 | 2 | 0 | 1 | 20 | 151 | 153.50 | 0 | 1 | 0.00 | 0.00 |
| Science - Other | 1 | 0 | 0 | 0 | 15 | 40 | 40.00 | 1 | 1 | 0.00 | 0.00 |
| History - European | 0 | 3 | 3 | 0 | 15 | 119 | 130.33 | 0 | 0 | 0.00 | 0.00 |
| History - Other | 1 | 1 | 2 | 0 | 15 | 57 | 66.50 | 0 | 2 | 0.00 | 0.00 |
| History - World | 0 | 3 | 3 | 1 | 15 | 125 | 127.00 | 0 | 0 | 0.00 | 0.00 |
| Fine Arts - Visual | 1 | 0 | 0 | 0 | 15 | 78 | 78.00 | 0 | 1 | 0.00 | 0.00 |
| Other Academic | 0 | 1 | 0 | 0 | 10 | 77 | 77.00 | 0 | 0 | 0.00 | 0.00 |
| Literature - World | 0 | 1 | 0 | 0 | 10 | 131 | 131.00 | 0 | 0 | 0.00 | 0.00 |
| Modern World | 0 | 1 | 0 | 1 | 10 | 144 | 144.00 | 0 | 0 | 0.00 | 0.00 |
| Geography | 0 | 1 | 1 | 0 | 5 | 119 | 119.00 | 0 | 1 | 0.00 | 0.00 |
| Fine Arts - Other | 0 | 0 | 3 | 0 | -15 | 0.00 | 0 | 0 | 0.00 | 0.00 |